Tác động của phân tần mức sống vào quá trình phát triển văn hoá nông thôn
Αποθηκεύτηκε σε:
| Κύριος συγγραφέας: | |
|---|---|
| Μορφή: | Βιβλίο |
| Γλώσσα: | Vietnamese |
| Έκδοση: |
Sunshine
2000
|
| Ετικέτες: |
Προσθήκη ετικέτας
Δεν υπάρχουν, Καταχωρήστε ετικέτα πρώτοι!
|
| Thư viện lưu trữ: | Mạng thư viện Đại học Đà Nẵng |
|---|
| LEADER | 00689nam a2200277 4500 | ||
|---|---|---|---|
| 001 | 000025964 | ||
| 003 | 1505 | ||
| 005 | 20150325120000.0 | ||
| 008 | 150325s vm 000 vie | ||
| 020 | |c 26000,0000 | ||
| 040 | |a D1 | ||
| 100 | |a Trần Thị Lan Hương | ||
| 245 | |a Tác động của phân tần mức sống vào quá trình phát triển văn hoá nông thôn | ||
| 260 | |b Sunshine |c 2000 | ||
| 300 | |a 256tr. ; | ||
| OWN | |a LTT | ||
| 999 | |a From the UDN01 | ||
| TYP | |a Monograph | ||
| TYP | |a Printed language | ||
| 980 | |a Mạng thư viện Đại học Đà Nẵng | ||